MARC

LEADER 00000nrm a2200000Ia 4500
001 21002
008 160829s2006 xx 000 0 cat d
080 |a NBM-2-3 
245 |a Viu el Parc   |h [Ventall] 
260 |a Barcelona :  |b Diputació de Barcelona. Xarxa de Parcs Naturals,  |c 2006 
300 |a 1 adhesiu :  |b  col. ;  |c 10 x 28 cm 
590 |a Apareixen els noms dels parcs: Parc Natural de Sant Llorenç del Munt i l'Obac, Parc Natural del Montseny, Parc del Garrraf, Parc d'Olèrdola, Parc del Foix, Parc del Montnegre i el Corredor, Parc del Castell de Montesquiu, Parc de la Serralada de Marina, Parc de la Serralada Litoral, Espai Natural de les Guilleries - Savassona 
650 0 |9 54098  |a Objectes publicitaris 
655 0 |9 52933  |a Ventalls 
710 1 |a Barcelona (Catalunya : Província).  |b Xarxa de Parcs Naturals  |9 7250 
901 |a Arxiu 
942 |n 1  |2 udc 
952 |0 0  |1 0  |4 0  |6 NBM23  |7 1  |9 50639  |a Arxiu  |b Arxiu  |d 2016-12-01  |l 0  |o NBM-2-3  |p 21002  |r 2016-12-01 00:00:00  |w 2016-12-01  |y ARXIU 
999 |c 54481  |d 54481